[Event "Berlin Lieb Memorial 1st"]
[Site "Berlin"]
[Date "2015.06.04"]
[Round "3"]
[White "Meinicke, Kurt"]
[Black "Osterland, Christian"]
[Result "0-1"]
[WhiteElo "1534"]
[BlackElo "1717"]
[PlyCount "82"]
[EventDate "2015.05.21"]
[EventType "swiss"]
[EventRounds "7"]
[EventCountry "GER"]
[SourceTitle "EXT 2022"]
[Source "ChessBase"]
[SourceDate "2021.10.06"]
[SourceVersion "1"]
[SourceVersionDate "2021.10.06"]
[SourceQuality "1"]

1. d4 Nf6 2. c4 g6 3. Nc3 Bg7 4. e4 d6 5. Nf3 0-0 6. Be2 c6 7. 0-0 Nbd7 8. h3 h6 9. Be3 e5 10. d5 cxd5 11. cxd5 a6 12. a4 Nh7 13. Qd2 g5 14. Ne1 Ndf6 15. f3 Nh5 16. Nd3 Ng3 17. Rf2 f5 18. exf5 Bxf5 19. Bd1 Qd7 20. Kh2 e4 21. fxe4 Nxe4 22. Nxe4 Bxe4 23. Bg4 Bf5 24. Bxf5 Rxf5 25. Rxf5 Qxf5 26. Nf2 Be5+ 27. Kg1 Nf6 28. g4 Qf3 29. Nh1 Qxh3 30. Ra3 Qxg4+ 31. Qg2 Qxg2+ 32. Kxg2 Nxd5 33. Bf2 Rc8 34. Rh3 Nf4+ 35. Kg3 Nxh3+ 36. Kxh3 Rc2 37. Bg3 Bxg3 38. Kxg3 Rxb2 39. Nf2 Ra2 40. Ne4 Rxa4 41. Nxd6 b5 0-1

[Event "Berlin Lieb Memorial 1st"]
[Site "Berlin"]
[Date "2015.05.28"]
[Round "2"]
[White "Osterland, Christian"]
[Black "Geist, Wolfgang"]
[Result "0-1"]
[WhiteElo "1717"]
[BlackElo "1512"]
[PlyCount "104"]
[EventDate "2015.05.21"]
[EventType "swiss"]
[EventRounds "7"]
[EventCountry "GER"]
[SourceTitle "EXT 2022"]
[Source "ChessBase"]
[SourceDate "2021.10.06"]
[SourceVersion "1"]
[SourceVersionDate "2021.10.06"]
[SourceQuality "1"]

1. d4 d5 2. Nf3 Nf6 3. Bf4 c5 4. e3 e6 5. c3 Qb6 6. Qc2 c4 7. b3 Qa6 8. bxc4 dxc4 9. Nbd2 b5 10. Be2 Bb7 11. 0-0 Nd5 12. Bg3 Be7 13. a4 b4 14. Bxc4 Qb6 15. a5 Qd8 16. Bxb8 Rxb8 17. Bb5+ Kf8 18. c4 Nc3 19. Ne5 Nxb5 20. cxb5 Rc8 21. Qb1 f6 22. Nd3 Qd5 23. Nf4 Qxb5 24. Nxe6+ Kf7 25. Nf4 g5 26. Nd3 Rc3 27. Ne1 Bd5 28. e4 Bc4 29. Nxc4 Qxc4 30. Nf3 Rc8 31. e5 Qd3 32. exf6 Bxf6 33. Ne5+ Bxe5 34. Qxd3 Bxh2+ 35. Kxh2 Rxd3 36. Rfd1 Rcc3 37. Rab1 b3 38. f3 Re3 39. Kg3 Re2 40. Re1 Rd2 41. Red1 Re2 42. Rdc1 Rcc2 43. Rxc2 bxc2 44. Rc1 h5 45. f4 gxf4+ 46. Kxf4 Rxg2 47. Kf3 Rd2 48. Ke3 Rg2 49. Kd3 h4 50. Kc3 h3 51. Rf1+ Ke7 52. Kb2 h2 0-1

[Event "Berlin Eckbauer op 17th"]
[Site "Berlin"]
[Date "2014.11.17"]
[Round "6"]
[White "Osterland, Christian"]
[Black "Ziems, Michael"]
[Result "0-1"]
[WhiteElo "1691"]
[BlackElo "1818"]
[PlyCount "64"]
[EventDate "2014.10.06"]
[EventType "swiss"]
[EventRounds "7"]
[EventCountry "GER"]
[SourceTitle "EXT 2022"]
[Source "ChessBase"]
[SourceDate "2021.10.06"]
[SourceVersion "1"]
[SourceVersionDate "2021.10.06"]
[SourceQuality "1"]

1. d4 d5 2. Nf3 Nf6 3. Bf4 e6 4. e3 c5 5. c3 Nc6 6. Bd3 Qb6 7. Qb3 c4 8. Qxb6 axb6 9. Bc2 b5 10. 0-0 b4 11. Nbd2 Be7 12. h3 0-0 13. Rfe1 b5 14. Ne5 Bb7 15. Bg5 Ra7 16. Bxf6 gxf6 17. Nxc6 Bxc6 18. e4 Rfa8 19. Bb1 bxc3 20. bxc3 Ba3 21. exd5 Bxd5 22. Be4 Bb2 23. Bxd5 exd5 24. Rab1 Bxc3 25. Red1 Rxa2 26. Nf1 b4 27. Ne3 Rd8 28. Rbc1 Bd2 29. Ra1 Rxa1 30. Rxa1 b3 31. Rb1 Bxe3 32. fxe3 Rb8 0-1

[Event "Zehlendorf op 14th"]
[Site "Berlin"]
[Date "2014.05.22"]
[Round "3"]
[White "Osterland, Christian"]
[Black "Kievelitz, Bernd"]
[Result "1/2-1/2"]
[WhiteElo "1653"]
[BlackElo "2029"]
[PlyCount "139"]
[EventDate "2014.05.08"]
[EventType "swiss"]
[EventRounds "7"]
[EventCountry "GER"]
[SourceTitle "EXT 2023"]
[Source "ChessBase"]
[SourceDate "2022.10.05"]
[SourceVersion "1"]
[SourceVersionDate "2022.10.05"]
[SourceQuality "1"]

1. d4 Nf6 2. c4 e6 3. Nf3 b6 4. Bf4 Bb7 5. Nc3 Bb4 6. Qb3 Bxc3+ 7. Qxc3 d6 8. Nd2 0-0 9. Bg5 h6 10. Bh4 Nbd7 11. e3 Re8 12. f3 e5 13. d5 a5 14. g4 Nc5 15. b3 g5 16. Bf2 e4 17. Bg2 Qe7 18. h4 Nd3+ 19. Kf1 exf3 20. Bxf3 Nxf2 21. Kxf2 Qe5 22. Qd3 gxh4 23. Rag1 Qg5 24. Rh2 Re5 25. Rgh1 Rae8 26. Nf1 Ne4+ 27. Bxe4 Rxe4 28. Rxh4 Qf6+ 29. Ke2 Bc8 30. Rxh6 Bxg4+ 31. Kd2 Qf2+ 32. Kc3 Bf5 33. Rh8+ Kg7 34. Rxe8 Rxe8 35. Qd4+ f6 36. Qd2 Qxd2+ 37. Kxd2 Bb1 38. Kc3 Kf7 39. a3 Be4 40. Rh2 c6 41. dxc6 Bxc6 42. Rh7+ Kg6 43. Rh2 b5 44. Rd2 bxc4 45. bxc4 Re6 46. Kd3 f5 47. Rb2 Kf6 48. Rb6 Be4+ 49. Kd4 Ke7 50. Ra6 Re5 51. Nd2 Bg2 52. Ra7+ Ke6 53. Rg7 Be4 54. Rc7 Bg2 55. c5 dxc5+ 56. Rxc5 Rxc5 57. Kxc5 Ke5 58. Kb5 f4 59. exf4+ Kxf4 60. Kxa5 Ke5 61. Kb6 Bh3 62. a4 Kd6 63. Ne4+ Kd5 64. Nc5 Bf1 65. a5 Kd6 66. Na4 Kd7 67. Nc3 Kc8 68. Nd5 Kb8 69. Ne7 Ka8 70. Nc6 1/2-1/2